Вырезки из газет по вопросам деятельности Министерства народного просвещения

Доступно только в Электронных читальных залах Найти на картеНа карте
RUSMARC
00003546nmc2a22002413x 450
001a061c6ec-f915-4923-a037-135434b7281b
00520230831021440.0
100##$a20221222l19101912k l0rusy0189 ca
1010#$arus
102##$aRU
105##$ay###
1221#$ad
2001#$aВырезки из газет по вопросам деятельности Министерства народного просвещения
$j1910 г.; 1912 г.
215##$a34 л.
$d31х22 см
251##$cДело
300##$aДело
371##$aДокумент не является опубликованным и широко распространяемым
461#0$1001a74412a3-3cc5-4d21-8f0a-dfe2fbd9e72d
$12001
$aДепартамент народного просвещения Министерства народного просвещения (1803-1917)
$1251
$cФонд
$1852
$j733
462#0$1001eee5cd01-9790-469a-9945-6bffddbc7761
$12001
$aРазряд общих дел
$1251
$cОпись
$1852
$j228
801#0$aRU
$bРГИА
$c20221222
$gRCR
801#1$aRU
$bГлавНИВЦ
$c20221222
$2rusmarc
801#2$aRU
$bПБ им. Б.Н. Ельцина
$c20230831
$gRCR
$2rusmarc
850##$aРГИА
852##$aРГИА
$eФедеральное казенное учреждение "Российский государственный исторический архив" (РГИА)
$j149
937##$hРГИА
$d12396378
$aASBIBLIO_SCAN
035##$aRusGRCC00058987
856##$uhttp://readingroom.main.prlib.ru/item.aspx?id_node=n187272005&mode=full
Формат отображения